Selekcjonerzy reprezentacji Chorwacji - nagła śmierć - Statystyki

Ogólne statystyki
  • Ten quiz został rozwiązany 42 razy
  • Średni wynik to 3 z 6
Answers on the Grid
Answers color-coded by a green-red scale on the quiz's grid according to % correct below.
Zlatko Dalić
Vladimir Petković
Dejan Stanković
Ante Čačić
Siniša Mihajlović
Niko Kovač
Igor Štimac
Vahid Halilhodžić
Slaven Bilić
Dragan Stojković
Miroslav Blažević
Edin Terzić
 
Statystyki odpowiedzi
Odpowiedź % Poprawnych
Zlatko Dalić
86%
Slaven Bilić
54%
Niko Kovač
46%
Ante Čačić
32%
Miroslav Blažević
32%
Igor Štimac
29%
Nie znaleziono quizów pasujących do podanych kryteriów
Rozkład punktacji
Procent ludzi z każdym wynikiem
Percentyl według liczby udzielonych odpowiedzi
Twoja historia wyników
Nie rozwiązałeś tego quizu